| 000 | 01116cam a2200277 i 4500 | ||
|---|---|---|---|
| 001 | 78521 | ||
| 003 | BD-RjUL | ||
| 005 | 20211209083135.0 | ||
| 008 | 210930s19641947ua a b 000 0 ara d | ||
| 035 | _a(BD-RjUL)78747 | ||
| 040 |
_aOSU _beng _erda _cOSU _dLEILA _dTEF _dIUL _dMEAUC _dDLC |
||
| 041 | _aeng | ||
| 042 |
_alccopycat _alcode |
||
| 043 |
_af-ua--- _aaw----- _aff----- _ae-sp--- |
||
| 082 |
_223 _a962.024 _bHAM 1964 |
||
| 100 |
_a Hassan, Ali Ibrahim ;; حسن, علي ابراهيم _9248752 |
||
| 245 | 0 | 3 |
_a مصر في العصور الوسطى من الفتح العربي إلى الفتح العثماني ;; Miṣr fī al-ʻuṣūr al-wusṭá min alfath alarabii 'iilaa alfath aluthmanii/ _cAli Ibrahim Hassan ;; علي ابراهيم حسن |
| 250 | _a5th.ed. | ||
| 264 | 1 |
_aal-Qāhirah : _bmatbat alnahja misriah, _c1964 |
|
| 300 |
_a570 pages : _billustrations ; _c23 cm |
||
| 504 | _aIncludes bibliographical references | ||
| 651 | 0 |
_aEgypt _xHistory _y640-1250. _9248753 |
|
| 651 | 0 |
_aEgypt _xHistory _y1250-1517. _9248754 |
|
| 651 | 0 |
_aIslamic Empire _xHistory. _9248755 |
|
| 942 |
_2ddc _cBK |
||
| 999 |
_c78521 _d78521 |
||